• 首页
  • 本馆介绍
  • 公告通知
  • 最新文献
  • 馆藏检索
  • 电子资源
  • 读者导购
  • 参考咨询
  • 我的图书馆
  • 登录
  • 详细信息显示
  • 放入我的书架
  • 预约/预借图书
  • 作者相关作品
  • 分类相关作品
  • 丛书相关作品
  • 出版社相关作品

书目信息

  • 表格格式
  • 工作单格式
  • 卡片格式
题名:
斯巴达克思
    
 
作者: 乔万尼奥里 著 ;李俍民 译
分册:  
出版信息: 北京   国际文化出版公司  2006
页数: 587页
开本: 21cm
丛书名: 世界文学名著经典文库
单 册:
中图分类: I546.44
科图分类:
主题词: 长篇小说--意大利--近代 , 长篇小说
电子资源:
ISBN: 7-80173-485-8
000 01002oam2 2200301 450
001 1260763770
005 20121012165330.46
010    @a7-80173-485-8@dCNY24.00
100    @a20060124d2006 em y0chiy50 ea
101 1  @achi@cita
102    @aCN@b110000
105    @aa z 000ay
200 1  @a斯巴达克思@Asi ba da ke si@dCnaptak@f(意)乔万尼奥里(Raffaello Siovagnoli)著@g李俍民译@zita
210    @a北京@c国际文化出版公司@c中国书籍出版社@d2006
215    @a587页@d21cm
225 1  @a世界文学名著经典文库@e彩色插图全译本
300    @a名家名译
308    @a丛书主编:季羡林
461  0 @12001 @a世界文学名著经典文库
500 1  @a斯巴达克思@Asi ba da ke si@n(意)拉·乔万尼奥里著
510 1  @aCnaptak@zita
606 0  @a长篇小说@y意大利@z近代
606 0  @a长篇小说
690    @aI546.44@v4
701  0 @c(意)@a乔万尼奥里@Aqiao wan ni ao li@c(Giofagnoli, Raffaello@f1838~1915)@4著
702  0 @a李俍民@Ali lang min@c(翻译)@4译
801  0 @aCN@bNLC@c20101222
905    @a10447@dI546.44@eJY155
    
    斯巴达克思=Cnaptak/(意)乔万尼奥里(Raffaello Siovagnoli)著/李俍民译.-北京:国际文化出版公司:中国书籍出版社,2006
    587页;21cm.-(世界文学名著经典文库:彩色插图全译本)
    名家名译
    
    ISBN 7-80173-485-8:CNY24.00
    
●
相关链接 在E读中查询图书 在五车中查询图书 在当当中查询图书 在豆瓣中查询图书


正题名:斯巴达克思     索取号:I546.44/JY155         预约/预借

序号 登录号 条形码 馆藏地/架位号 状态 备注
1 7815904   278159047   学院路分馆/ [索取号:I546.44/JY155] 在馆    
2 7815905   278159056   学院路分馆/ [索取号:I546.44/JY155] 在馆    
3 7815906   278159065   学院路分馆/ [索取号:I546.44/JY155] 在馆    
4 7815907   278159074   学院路分馆/ [索取号:I546.44/JY155] 在馆    
唐山师范学院图书馆 欢迎您!
大连网信软件有限公司© 版权所有